000 01018cam a2200265 a 4500
001 000015456
005 20251210122428.0
008 711007s1971 mau b 000 0 eng d
035 _a(DLC) 72152809
040 _aDO-SdBNP
_bspa
_cBNPHU
_dDLC
082 _a146.4
_bP855L
245 0 0 _aPositivism in Latin America, 1850-1900 :
_bare orden and progress reconcilable? /
_cintroducción y edición Ralph Lee Woodward.
260 _aLexington :
_bHeath,
_c1971.
300 _axviii, 130 p. ;
_c24 cm.
490 1 _aProblems in Latin American civilization
504 _aBibliografía: p. 127-130.
504 _aIncluye referencias bibliográficas y notas al pie de las páginas.
650 0 _aPositivismo
_92423
651 4 _aAmérica Latina
_xCondiciones Políticas
_934912
651 _aAmérica Latina
_xHistoria
_y1850-1930
_934913
650 4 _aFilosofía latinoamericana
_9471
700 1 _aWoodward, Ralph Lee,
_eed.
_eintrod.
_934914
830 0 _aProblems in Latin American civilization.
_934915
049 _aBNGR
999 _c15012
_d15012